000
00330nam a2200133Ia 4500
005
20251222144806.0
008
251222s9999||||xx |||||||||||||| ||spa||
020
_a
84-8155-207-0
082
_a
370.112/Q62
100
_a
Quintana Cabanas, José María
245
0
_a
Por una Pedagogía Humanista
264
_b
Narcea
942
_c
LIB
999
_c
19924
_d
19924